Kliknij województwa Polski na mapie według stolicy - Statystyki

Ogólne statystyki
  • Ten quiz został rozwiązany 69 razy
  • Średni wynik to 14 z 16
Odpowiedzi na mapie
Odpowiedzi zakodowano w zielono-czerwonej skali na mapie do tego quizu, zgodnie z poniższymi procentami.
 
Statystyki odpowiedzi
Odpowiedź % Poprawnych
Warszawa
94%
Gorzów Wielkopolski, Zielona Góra
92%
Białystok
90%
Szczecin
90%
Gdańsk
88%
Katowice
88%
Łódź
88%
Lublin
88%
Poznań
88%
Wrocław
88%
Bydgoszcz, Toruń
85%
Olsztyn
85%
Rzeszów
83%
Kielce
81%
Kraków
81%
Opole
81%
Nie znaleziono quizów pasujących do podanych kryteriów
Rozkład punktacji
Procent ludzi z każdym wynikiem
Percentyl według liczby udzielonych odpowiedzi
Twoja historia wyników
Nie rozwiązałeś tego quizu